000 00663nam a22001937a 4500
008 161008b xxu||||| |||| 00| 0 eng d
020 _a0870332724
050 _aNA 735
_b.B3D67 1981
100 _aDorsey, John
245 _aA guide to baltimore architecture/
_cJohn Dorsey and James D. Dilts.
250 _a2nd ed.
260 _aMaryland (Centreville) :
_bTidewater Publishers ;
_c1981.
300 _alv, 327p. :
_bill. ;
500 _aIncludes index.
650 _aArchitecture
_xMaryland
_yBaltimore
_zGuide-books.
650 _aBaltimore
_xBuilding
_yGuide-books.
700 _aDilts, James D.
942 _2lcc
_cBOOKS
_hNA 735 .B3D67 1981
999 _c14796
_d14796